000
00239 a2200109 4500
003
Nust
005
20170207154223.0
040
_c
Nust
082
_a
371.33
245
_a
Young Arcoulus (VHS-125)
440
_a
Young Arcoulus (VHS-125)
538
_a
Duration in Minutes-142
999
_c
195413
_d
195413